Compendio de geomorfología. /
Guardado en:
| Autor Principal: | |
|---|---|
| Formato: | Libro |
| Idioma: | Spanish |
| Publicado: |
Bahía Blanca :
Universidad Nacional del Sur,
1964.
|
| Edición: | 4. ed. |
| Etiquetas: |
Agregar Etiqueta
Sin Etiquetas, Sea el primero en etiquetar este registro!
|
| LEADER | 00490nam a22001575a 4500 | ||
|---|---|---|---|
| 001 | EUN.um020549 | ||
| 003 | AR-BaUNS | ||
| 005 | 20050623122900.0 | ||
| 008 | 041125s1964####ag#a##########000#0#spa#d | ||
| 245 | 1 | 0 | |a Compendio de geomorfología. / |c Augusto P. Calmels. |
| 260 | |a Bahía Blanca : |b Universidad Nacional del Sur, |c 1964. | ||
| 300 | |a 589 p. : |b ilus. ; |c 22 cm. | ||
| 100 | 1 | |a Calmels, Augusto P. | |
| 082 | 0 | 4 | |a 551.4 |
| 250 | |a 4. ed. | ||
| 859 | |a Ar-BaUNS |b BIB. CENTRAL - Sector C |h 551.4 |i C136-1a4 |p D9/965 | ||
